00727 a2200145 4500003000500000005001700005040000900022082001500031100001800046245006200064260001800126300001100144505040800155650001800563Nust20221220093157.0 cNust a320.53,JAC aJacobs , Paul aThe New RadicalsbA Report with Documents / cPaul Jacobs bPenguin Books a330 p; aThe Movements Themes (Page-13), The Movement Origins (Page-17), SNCC one Man One Vote (Page-24), Students for a Democratic Society (Page-36),The Leftovers (Page-51), The Violet Against Liberal (Page-67), The Vietnam Anti War Campaign (Page-73), Community Organization (Page-78), Ideology Communism and Coalition (Page82-), Conclusion (Page-89), The Documents (Page-93), Chronology of Events (Page-319).  a New Radicals